| Tag |
First Indicator |
Second Indicator |
Subfields |
| LEADER |
00000cam a2200000 4500 |
| 001 |
in00000098812 |
| 005 |
20150926125524.0 |
| 008 |
800402s1953 txu 00000 eng d |
| 035 |
|
|
|a (OCoLC)06161408
|
| 035 |
|
|
|9 AAL3488AM
|
| 040 |
|
|
|a TXA
|c TXA
|d UtOrBLW
|
| 049 |
|
|
|a TXAM
|c [380717]
|
| 090 |
|
|
|a TN271.P4
|b .P45 1953
|
| 110 |
2 |
|
|a Permian Basin Geophysical Society.
|
| 245 |
1 |
0 |
|a List of velocity surveys.
|
| 250 |
|
|
|a [2d ed.
|
| 264 |
|
1 |
|a Midland, Texas,
|b [publisher not identified] ;
|c 1953]
|
| 300 |
|
|
|a 1 volume (loose-leaf)
|
| 336 |
|
|
|a text
|b txt
|2 rdacontent
|
| 337 |
|
|
|a unmediated
|b n
|2 rdamedia
|
| 338 |
|
|
|a volume
|b nc
|2 rdacarrier
|
| 500 |
|
|
|a Cover title.
|
| 500 |
|
|
|a Foreword: "The Society will publish, at regular intervals, additions and corrections which will be sent to the subscribers."
|
| 650 |
|
0 |
|a Prospecting
|x Geophysical methods.
|
| 650 |
|
0 |
|a Oil wells.
|
| 999 |
|
|
|a MARS
|
| 999 |
f |
f |
|s ef2cc8a9-94ad-36b6-a418-5be841e5654a
|i 1449eba1-2b07-37a1-aff1-e01c401e3f3a
|t 0
|
| 952 |
f |
f |
|p ric
|a Texas A&M University
|b Rellis Campus
|c Joint Library Facility
|d Remote Storage
|t 0
|e TN271.P4 .P45 1953
|h Library of Congress classification
|i unmediated -- volume
|m A14805574815
|
| 998 |
f |
f |
|a TN271.P4 .P45 1953
|t 0
|l Remote Storage
|